Statistics for All clubs in Champions League since 2000/2001 season

Click here to take the quiz!

General Stats

  • This quiz has been taken 53 times
  • The average score is 60 of 118

Answer Stats

Club% Correct
Manchester United FC
98%
Manchester City FC
96%
Chelsea FC
93%
AC Milan
91%
Arsenal FC
91%
Bayer 04 Leverkusen
91%
FC Barcelona
91%
Liverpool FC
91%
AS Roma
89%
Juventus FC
89%
Paris Saint-Germain FC
89%
Real Madrid CF
89%
Ajax Amsterdam AFC
85%
Atlético Madrid
85%
Benfica Lisbon
85%
FC Porto
85%
Olympique Lyonnais
85%
Tottenham Hotspur FC
85%
Valencia CF
85%
Internazionale Milan
83%
PSV Eindhoven
83%
Sevilla FC
83%
AS Monaco FC
80%
SSC Napoli
80%
Borussia Dortmund
78%
Celtic FC
78%
Rangers FC
76%
Bayern Munich FC
74%
Leicester City FC
74%
Olympique de Marseille
74%
Sparta Prague
72%
Anderlecht Brussels RSC
70%
Dynamo Kiev FC
70%
Sporting CP
70%
SS Lazio
70%
Feyenoord Rotterdam
67%
Malmö FF
67%
Zenit Saint Petersburg
67%
Olympiakos Pireus FC
65%
Villarreal CF
65%
Lille OSC
63%
Schalke 04
63%
Club Brugge KV
61%
CSKA Moscow
61%
Galatasaray SK
61%
Hamburger SV
61%
Leeds United FC
61%
Newcastle United FC
61%
VfL Wolfsburg
61%
Athletic Club Bilbao
59%
Besiktas JK
59%
Dinamo Zagreb GMK
59%
FC Basel 1893
59%
Malaga CF
59%
Borussia Mönchengladbach
54%
Deportivo de La Coruña
54%
FC Copenhagen
54%
ACF Fiorentina
52%
Girondins de Bordeaux FC
52%
Legia Warsaw
52%
AEK Athens FC
50%
Panathinaikos FC
50%
Spartak Moscow
50%
Fenerbahçe SK
46%
Rapid Vienna
46%
Real Sociedad de Fútbol
46%
Steaua Bucharest FC
46%
VfB Stuttgart
46%
APOEL FC
43%
Real Betis Balompié
43%
SC Braga
43%
Werder Bremen
43%
KAA Gent
41%
KRC Genk
41%
RB Leipzig
41%
Shakhtar Donetsk
41%
Austria Vienna
37%
FC Nantes
37%
Lokomotiv Moscow FC
37%
Rosenborg BK
37%
Udinese Calcio
37%
Celta Vigo
35%
Partizan Belgrade
33%
Slavia Prague
33%
Standard Liège
33%
AZ Alkmaar
30%
BATE Borisov FC
30%
FC Twente
30%
Montpellier HSC
30%
AJ Auxerre
28%
CFR Cluj
28%
NK Maribor
28%
Aalborg Boldspilklub
22%
Astana FC
22%
Ludogorets Razgrad
22%
Racing Lens
22%
Rubin Kazan
22%
Trabzonspor Kulübü
22%
Viktoria Plzeň
22%
Qarabağ FK
20%
Bursaspor Kulübü Derneği
17%
Maccabi Tel Aviv
17%
RCD Mallorca
17%
Boavista FC
13%
Debreceni VSC
13%
SC Heerenveen
13%
Anorthosis Famagusta FC
11%
FC Nordsjælland
11%
Levski Sofia
11%
Maccabi Haifa FC
9%
Sturm Graz
9%
Artmedia Petržalka FC
7%
FC Rostov
7%
Helsingborgs IF
7%
Oțelul Galați
7%
Unirea Urziceni
7%
MŠK Žilina
4%
FC Thun
2%

Score Distribution

Percentile by Number Answered

Percent of People with Each Score

Your Score History

You have not taken this quiz